Представление документа в формате MARC21

Поле Инд. ПП Название Значение
Тип записи a
Библиографический уровень b
001 Контрольный номер RU/IS/BASE/102767748
005 Дата корректировки 20200601191511.6
084 a Индекс другой классификации/Индекс ББК 60.001(2)
a Индекс другой классификации/Индекс ББК 87.3(2)
100 1_ a Автор Бессонов Б. Н.
245 _1 a Заглавие История русской философии: единство и многообразие
500 a Примечание В рубрике "Преподавателю социально-гуманитарных дисциплин"
504 a Библиография Библиогр. ссылки
650 a Основная рубрика история философии
a Основная рубрика социальная философия
a Основная рубрика философия
653 a Ключевые слова евразийство
a Ключевые слова западники
a Ключевые слова история социальной философии
a Ключевые слова народничество
a Ключевые слова почвенники
a Ключевые слова религиозная философия
a Ключевые слова Россия
a Ключевые слова русская философия
a Ключевые слова славянофилы
a Ключевые слова соборность
a Ключевые слова философские течения
a Ключевые слова философские школы
773 t Заглавие источника Социально-гуманитарные знания
d Дата издания источника 2003
g Прочая информация № 1. - С. 68 - 79
w Контрольный № источника RU/IS/BASE/101491030
901 t Тип документа b